01154naa a22002897a 4500001001000000003000900010005001700019007000300036008003400039040005400073041000900127072002600136090001800162100002000180111007900200245006500279260004000344500010900384650002800493650001000521650000900531773010600540909003600646942001400682999001900696952014900715BR8106945BR-BrBNA20240918175042.0ta230509b bl.||||| |||| 00| 0 por d aBR-BrBNAbporcBiblioteca Nacional de Agricultura a(Pt) aF27b0120b0336bG514 aF27 BR81069451 aEspindola, E.A.1 a26. Reuniao Tecnica Anual do MilhocPorto Alegre, RS (Brazil)d11 Aug 19811 aConsorciacao de milho e soja [Zea mays, Glycine max, Brasil]3 aPorto Alegre, RS (Brasil): c1981.  aAta da 26. Reuniao Tecnica Anual do Milho Porto Alegre, RS (Brasil): 1981. p. 145-146 (BR8106945-AM)F27  aCONSORCIACAO DE CULTURA aMILHO aSOJA0 tAta da 26. Reuniao Tecnica Anual do MilhowF27 BR8106945gPorto Alegre, RS (Brasil), 1981. p. 145-146 a202404bLuciac55dLucia Elande cAM2AGRIS c314734d314734 002AGRIS40708Acervo Gerala41918b41918cAgrobasel0o0120 BR8106926r2024-05-20t01yAM10d2024-04-11ePortaria Interministerial nÂș 164/94